000
00339nam a2200133Ia 4500
008
100328s9999 xx 000 0 und d
082
_b
59391
100
_a
कुळकर्णी पदेमा.
245
_a
मेघदूत.
260
_b
---
630
_a
मेघदूत.
730
_a
मेघदूत.
942
_c
BOOK
999
_c
545624
_d
545621